| 000 | 01208nam0a2200325 4500 | ||
|---|---|---|---|
| 001 | RU\NLR\bibl\1138265 | ||
| 005 | 20250615073136.0 | ||
| 010 |
_a5-94431-160-6 _93000 |
||
| 035 | _a(NLR Aleph) 001125134 | ||
| 090 |
_a1322713 _c1322713 |
||
| 100 | _a20071010d2005 |||y0rusy50 ca | ||
| 101 | 0 | _arus | |
| 102 | _aRU | ||
| 105 | _aa ||||||||| | ||
| 200 | 1 |
_aСофийский собор в Новгороде _fТ.Ю. Царевская |
|
| 205 | _a[2-е изд.] | ||
| 210 |
_aМосква _cСеверный паломник _d2005 |
||
| 215 |
_a61, [2] с. _cцв. ил. _d21 |
||
| 300 | _aНа обл. авт. не указан | ||
| 320 | _aБиблиогр.: с. 61 (16 назв.) | ||
| 601 | 0 | 2 |
_aСофийский собор _cВеликий Новгород, город _91217090 _3RU\NLR\auth\66176458 |
| 686 | _aЭ372.24-655 | ||
| 700 | 1 |
_aЦаревская _bТ. Ю. _gТатьяна Юрьевна _4070 |
|
| 801 | 0 |
_aRU _bNLR _c20071010 _gRCR |
|
| 801 | 1 |
_aRU _bNLR _c20071010 |
|
| 942 | _cBOOK | ||
| 980 | _aNB | ||